[Event "6th Prague Masters 2024"]
[Site "Prague CZE"]
[Date "2024.02.28"]
[Round "1.1"]
[White "Bartel, Mateusz"]
[Black "Maghsoodloo, Parham"]
[Result "0-1"]
[WhiteTitle "GM"]
[BlackTitle "GM"]
[WhiteElo "2660"]
[BlackElo "2715"]
[WhiteFideId "1112635"]
[BlackFideId "12539929"]
[EventDate "2024.02.27"]

1. e4 c5 2. Nf3 d6 3. Bb5+ Nd7 4. d4 cxd4 5. Qxd4 e5 6. Qd3 h6 7. Nc3 Nf6 8. O-O
a6 9. Bxd7+ Bxd7 10. Nd2 b5 11. a4 Rb8 12. Rd1 Qc7 13. Nf1 b4 14. Nd5 Nxd5 15.
exd5 a5 16. Ne3 Be7 17. b3 O-O 18. Bb2 Bg5 19. Nc4 Bc8 20. c3 Ba6 21. cxb4 axb4
22. g3 f5 23. h4 Bd8 24. Rac1 Qe7 25. Re1 f4 26. Kg2 Bb6 27. Rc2 Qf6 28. Qf3
Rbc8 29. Re4 Qg6 30. g4 Rc5 31. h5 Qg5 32. Qd1 f3+ 33. Kg1 Rf4 34. Rxf4 Qxf4 0-1

[Event "6th Prague Masters 2024"]
[Site "Prague CZE"]
[Date "2024.02.28"]
[Round "1.2"]
[White "Gukesh, D"]
[Black "Rapport, Richard"]
[Result "1/2-1/2"]
[WhiteTitle "GM"]
[BlackTitle "GM"]
[WhiteElo "2743"]
[BlackElo "2717"]
[WhiteFideId "46616543"]
[BlackFideId "738590"]
[EventDate "2024.02.27"]

1. e4 c5 2. Nf3 d6 3. d4 cxd4 4. Nxd4 Nf6 5. Nc3 Nc6 6. Bg5 Bd7 7. Qd2 a6 8.
O-O-O e6 9. f3 Nxd4 10. Qxd4 Be7 11. Kb1 Qc7 12. Qd2 b5 13. h4 b4 14. Ne2 a5 15.
c4 e5 16. Ng3 h6 17. Be3 h5 18. Be2 g6 19. Nf1 Be6 20. Bf2 Qb7 21. Ne3 O-O 22.
Bd3 Rfc8 23. Nd5 Bxd5 24. exd5 Bf8 25. g4 b3 26. a3 e4 27. Bd4 exd3 28. Bxf6 Qa6
29. gxh5 Qxc4 30. Qxd3 Qc2+ 31. Ka1 Qxd3 32. Rxd3 a4 33. Rg1 Rc4 34. Bc3 Rxh4
35. hxg6 fxg6 36. Rxg6+ Kh7 37. Rg1 Bh6 38. Re1 Rf8 39. Re7+ Kg8 40. Re1 1/2-1/2

[Event "6th Prague Masters 2024"]
[Site "Prague CZE"]
[Date "2024.02.28"]
[Round "1.3"]
[White "Abdusattorov, Nodirbek"]
[Black "Nguyen, Thai Dai Van"]
[Result "1-0"]
[WhiteTitle "GM"]
[BlackTitle "GM"]
[WhiteElo "2744"]
[BlackElo "2630"]
[WhiteFideId "14204118"]
[BlackFideId "358878"]
[EventDate "2024.02.27"]

1. d4 Nf6 2. c4 e6 3. Nf3 d5 4. g3 dxc4 5. Bg2 Bb4+ 6. Nbd2 b5 7. O-O Bb7 8.
Nxc4 bxc4 9. Qa4+ Nc6 10. Qb5 Rb8 11. Ne5 O-O 12. Nxc6 Bxc6 13. Qxc6 Qxd4 14.
Be3 Qxb2 15. Qxc4 Qc3 16. Rfc1 Qxc4 17. Rxc4 Ba5 18. Bxa7 Rb2 19. Bc5 Rfb8 20.
Bf3 Nd7 21. Bd4 Rb1+ 22. Rc1 Rxa1 23. Bxa1 f6 24. Bc6 Nf8 25. a4 Kf7 26. Bd4 Ng6
27. Bb5 Ne7 28. Kg2 Nf5 29. Ba7 Ra8 30. Bc5 Nd6 31. Bd3 g6 32. Rb1 f5 33. Bxd6
cxd6 34. Rb7+ Kf6 35. Rxh7 Bb6 36. Bb5 Ra7 37. Rxa7 Bxa7 38. a5 g5 39. h4 e5 40.
h5 g4 41. Bd7 1-0

[Event "6th Prague Masters 2024"]
[Site "Prague CZE"]
[Date "2024.02.28"]
[Round "1.5"]
[White "Praggnanandhaa, R"]
[Black "Keymer, Vincent"]
[Result "1-0"]
[WhiteTitle "GM"]
[BlackTitle "GM"]
[WhiteElo "2747"]
[BlackElo "2738"]
[WhiteFideId "25059530"]
[BlackFideId "12940690"]
[EventDate "2024.02.27"]

1. e4 e5 2. Nf3 Nc6 3. Bc4 Nf6 4. d3 Bc5 5. O-O a6 6. c3 Ba7 7. a4 d6 8. Re1 O-O
9. h3 Nh5 10. Bg5 Nf6 11. d4 h6 12. Bh4 g5 13. Nxg5 hxg5 14. Bxg5 Kh7 15. Qf3
Kg6 16. Bh4 exd4 17. Qg3+ Kh7 18. Bg5 Rh8 19. Nd2 Qg8 20. e5 Nh5 21. Qh4 Qg6 22.
Bf6 Rg8 23. Bd5 Bf5 24. Bf3 Rae8 25. g3 Kh6 26. g4 dxc3 27. bxc3 Nxe5 28. g5+
Qxg5+ 29. Bxg5+ Rxg5+ 30. Kh2 Ng6 31. Qxg5+ Kxg5 32. Rxe8 Nhf4 33. Bxb7 a5 34.
Ra8 Bb6 35. Nc4 Bxf2 36. Rxa5 d5 37. Rf1 Bb6 38. Nxb6 cxb6 39. Rb5 Bxh3 40. Rxf4
Nxf4 41. Rxb6 1-0

[Event "6th Prague Masters 2024"]
[Site "Prague CZE"]
[Date "2024.02.28"]
[Round "2.1"]
[White "Nguyen, Thai Dai Van"]
[Black "Gukesh, D"]
[Result "0-1"]
[WhiteTitle "GM"]
[BlackTitle "GM"]
[WhiteElo "2630"]
[BlackElo "2743"]
[WhiteFideId "358878"]
[BlackFideId "46616543"]
[EventDate "2024.02.27"]

1. c4 e6 2. g3 d5 3. Bg2 d4 4. Nf3 c5 5. O-O Ne7 6. d3 Nec6 7. e3 Be7 8. Re1 O-O
9. Na3 dxe3 10. Bxe3 e5 11. Qb3 Na6 12. Rad1 Nab4 13. Nc2 Nxc2 14. Qxc2 Bg4 15.
h3 Be6 16. Qc3 f6 17. Qa3 Nb4 18. Qb3 Qc8 19. Kh2 Rb8 20. a3 Nc6 21. Nd2 Kh8 22.
Qc2 Qd7 23. Ne4 b6 24. Nc3 Nd4 25. Bxd4 cxd4 26. Nd5 Bd6 27. b4 f5 28. Qe2 Rbe8
29. Rc1 Bb8 30. Kg1 Bf7 31. Qd2 Be6 32. Qd1 Qf7 33. Rc2 b5 34. Rce2 Rc8 35. Rxe5
Bxe5 36. Rxe5 bxc4 37. Nf4 Bd7 38. dxc4 Rxc4 39. Bf1 Qf6 40. Rd5 Rc7 41. b5 Rfc8
42. Qxd4 Qxd4 43. Rxd4 Be8 44. Bd3 Rd7 45. Rb4 g6 46. a4 Rcd8 47. Bc4 Rd1+ 48.
Kg2 R8d4 49. Ne6 a5 50. Nxd4 Rxd4 51. Rb1 Rxc4 52. Kf1 Kg7 0-1

[Event "6th Prague Masters 2024"]
[Site "Prague CZE"]
[Date "2024.02.28"]
[Round "2.2"]
[White "Rapport, Richard"]
[Black "Bartel, Mateusz"]
[Result "1/2-1/2"]
[WhiteTitle "GM"]
[BlackTitle "GM"]
[WhiteElo "2717"]
[BlackElo "2660"]
[WhiteFideId "738590"]
[BlackFideId "1112635"]
[EventDate "2024.02.27"]

1. e4 e5 2. Nf3 Nc6 3. Bc4 Nf6 4. d3 h6 5. O-O d6 6. a4 Be7 7. Nc3 a5 8. Re1 O-O
9. h3 Be6 10. Nd5 Nb4 11. Nxf6+ Bxf6 12. Bxe6 fxe6 13. c3 Nc6 14. b4 axb4 15.
cxb4 b5 16. Bd2 bxa4 17. Rxa4 Qd7 18. Rxa8 Rxa8 19. Qb3 Nd8 20. Rc1 c6 21. Be3
Rb8 22. Qa3 Qb7 23. b5 c5 24. Rb1 Nc6 25. Qb3 Qc8 26. Nd2 Nb4 27. Nc4 Qd7 28.
Na3 Kh7 29. Bd2 d5 30. exd5 exd5 31. d4 exd4 32. Bxb4 cxb4 33. Qxb4 Qf5 34. Rd1
Be5 35. Qb1 Qxb1 36. Nxb1 Rxb5 37. Nd2 Bf6 1/2-1/2

[Event "6th Prague Masters 2024"]
[Site "Prague CZE"]
[Date "2024.02.28"]
[Round "2.3"]
[White "Vidit, Santosh Gujrathi"]
[Black "Abdusattorov, Nodirbek"]
[Result "1/2-1/2"]
[WhiteTitle "GM"]
[BlackTitle "GM"]
[WhiteElo "2747"]
[BlackElo "2744"]
[WhiteFideId "5029465"]
[BlackFideId "14204118"]
[EventDate "2024.02.27"]

1. e4 e5 2. Nf3 Nf6 3. Nc3 Nc6 4. Bb5 Nd4 5. Bc4 Bc5 6. Nxe5 Qe7 7. Nf3 d5 8.
Bxd5 Nxd5 9. Nxd4 Nxc3 10. bxc3 Qxe4+ 11. Qe2 Qxe2+ 12. Kxe2 Bg4+ 13. f3 Bd7 14.
d3 O-O-O 15. Be3 Rhe8 16. Kd2 Re7 17. Nf5 Re5 18. Bxc5 Rxf5 19. Bd4 h5 20. Rhe1
h4 21. h3 Rg5 22. Rg1 Re8 23. c4 Re6 24. Be3 Ra5 25. a3 Rg6 26. c5 b6 27. cxb6
axb6 28. c4 b5 29. Kc3 bxc4 30. dxc4 Re5 31. Kd4 Re8 32. Rae1 Bf5 33. Bf2 Rxe1
34. Bxe1 Bxh3 35. Bxh4 1/2-1/2

[Event "6th Prague Masters 2024"]
[Site "Prague CZE"]
[Date "2024.02.28"]
[Round "2.4"]
[White "Navara, David"]
[Black "Keymer, Vincent"]
[Result "1/2-1/2"]
[WhiteTitle "GM"]
[BlackTitle "GM"]
[WhiteElo "2667"]
[BlackElo "2738"]
[WhiteFideId "309095"]
[BlackFideId "12940690"]
[EventDate "2024.02.27"]

1. e4 e5 2. Nf3 Nc6 3. Bb5 a6 4. Ba4 Nf6 5. O-O Be7 6. d3 b5 7. Bb3 d6 8. a4 Bd7
9. c3 O-O 10. Bc2 h6 11. Re1 Re8 12. Nbd2 Bf8 13. h3 Rb8 14. axb5 axb5 15. Nf1
d5 16. exd5 Nxd5 17. Bb3 Nf6 18. Ng3 b4 19. Bd2 Bd6 20. Nh4 bxc3 21. bxc3 e4 22.
dxe4 Bxg3 23. fxg3 g5 24. Nf3 Nxe4 25. g4 Nxd2 26. Nxd2 Ne5 27. Ne4 Bc6 28. Bd5
Bxd5 29. Qxd5 Qxd5 30. Nf6+ Kf8 31. Nxd5 c6 32. Nf6 Re6 33. Rxe5 Rxf6 34. Rf1
Rxf1+ 35. Kxf1 Rd8 36. Ke2 Rd6 37. Ke3 Kg7 1/2-1/2

[Event "6th Prague Masters 2024"]
[Site "Prague CZE"]
[Date "2024.02.28"]
[Round "2.5"]
[White "Maghsoodloo, Parham"]
[Black "Praggnanandhaa, R"]
[Result "1-0"]
[WhiteTitle "GM"]
[BlackTitle "GM"]
[WhiteElo "2715"]
[BlackElo "2747"]
[WhiteFideId "12539929"]
[BlackFideId "25059530"]
[EventDate "2024.02.27"]

1. d4 Nf6 2. Bf4 d5 3. e3 Bf5 4. c4 e6 5. Qb3 Nbd7 6. Nc3 dxc4 7. Bxc4 Nb6 8.
Be2 a5 9. a3 c6 10. Bg5 Be7 11. f3 a4 12. Qd1 Nfd7 13. Bxe7 Qxe7 14. e4 Bg6 15.
Nh3 O-O 16. O-O f6 17. f4 e5 18. dxe5 fxe5 19. f5 Bf7 20. Qe1 Nc5 21. Qg3 Bc4
22. Rae1 Rad8 23. Nf2 Bxe2 24. Rxe2 Nc4 25. Ng4 Kh8 26. Rf3 Rd4 27. h3 b5 28. f6
gxf6 29. Ref2 Nd7 30. Nh6 Nd2 31. Re3 Qe6 32. Qh4 Nc5 33. Rf5 b4 34. axb4 Rxb4
35. Qg4 Rbb8 36. Rg3 Qd7 37. Kh1 Ne6 38. Rxf6 1-0

[Event "6th Prague Masters 2024"]
[Site "Prague CZE"]
[Date "2024.02.29"]
[Round "3.1"]
[White "Praggnanandhaa, R"]
[Black "Rapport, Richard"]
[Result "0-1"]
[WhiteTitle "GM"]
[BlackTitle "GM"]
[WhiteElo "2747"]
[BlackElo "2717"]
[WhiteFideId "25059530"]
[BlackFideId "738590"]
[EventDate "2024.02.27"]

1. d4 Nf6 2. c4 g6 3. Nc3 Bg7 4. e4 d6 5. h3 O-O 6. Be3 Nc6 7. d5 Ne5 8. f4 Ned7
9. Nge2 c6 10. Ng3 Ne8 11. Be2 e6 12. dxe6 fxe6 13. h4 Bf6 14. Bd3 Nc5 15. Bc2
Qa5 16. Qd2 Qb4 17. O-O-O Qxc4 18. h5 b5 19. e5 dxe5 20. Bxc5 Qxc5 21. Nge4 Qe7
22. Nxf6+ Qxf6 23. g3 exf4 24. hxg6 fxg3 25. g7 Rf7 26. Rxh7 e5 27. Rh8+ Kxg7
28. Rxe8 Qf4 29. Rh1 Qxd2+ 30. Kxd2 Rf2+ 31. Ke3 Rxc2 32. Rhh8 Be6 33. Rxa8 g2 0-1

[Event "6th Prague Masters 2024"]
[Site "Prague CZE"]
[Date "2024.02.29"]
[Round "3.3"]
[White "Abdusattorov, Nodirbek"]
[Black "Navara, David"]
[Result "1-0"]
[WhiteTitle "GM"]
[BlackTitle "GM"]
[WhiteElo "2744"]
[BlackElo "2667"]
[WhiteFideId "14204118"]
[BlackFideId "309095"]
[EventDate "2024.02.27"]

1. e4 e5 2. Nf3 Nc6 3. Bc4 Bc5 4. c3 Nf6 5. d3 d6 6. b4 Bb6 7. a4 a5 8. b5 Ne7
9. Nbd2 O-O 10. O-O Ng6 11. d4 exd4 12. cxd4 d5 13. exd5 Nxd5 14. Qb3 c6 15. Re1
Nb4 16. Ne4 cxb5 17. axb5 Bf5 18. Nfg5 Qd7 19. Ba3 Rad8 20. Bxb4 axb4 21. Nc5
Qc7 22. Rac1 Nf4 23. Bxf7+ Kh8 24. Qf3 h6 25. Nxb7 Ne2+ 26. Qxe2 Qxb7 27. Rc6
Bxd4 28. Kh1 Rxf7 29. Rd6 Rc8 30. Nxf7+ Qxf7 31. Rxd4 b3 32. b6 Rc2 33. Qf3 b2
34. b7 Qf8 35. Rdd1 Rc5 36. Qb3 1-0

[Event "6th Prague Masters 2024"]
[Site "Prague CZE"]
[Date "2024.02.29"]
[Round "3.4"]
[White "Gukesh, D"]
[Black "Vidit, Santosh Gujrathi"]
[Result "1/2-1/2"]
[WhiteTitle "GM"]
[BlackTitle "GM"]
[WhiteElo "2743"]
[BlackElo "2747"]
[WhiteFideId "46616543"]
[BlackFideId "5029465"]
[EventDate "2024.02.27"]

1. e4 e5 2. Nf3 Nc6 3. Bb5 Nf6 4. d3 Bc5 5. O-O d6 6. Nc3 O-O 7. Na4 Nd4 8. Nxc5
Nxb5 9. a4 dxc5 10. axb5 Qd6 11. Nh4 Rd8 12. Qe2 Bg4 13. f3 Be6 14. b3 Qb6 15.
Kh1 Qxb5 16. Bg5 a5 17. Qe3 a4 18. bxa4 Rxa4 19. Rxa4 Qxa4 20. Qxc5 Qc6 21. Qxc6
bxc6 22. f4 exf4 23. Bxf4 Rc8 24. Be3 Ra8 25. Nf3 Ra2 26. Rc1 Nd7 27. Bf4 c5 28.
Bxc7 h6 29. Kg1 f5 30. Nd2 fxe4 31. Nxe4 c4 32. d4 Bf5 33. Nc3 Rxc2 34. Rxc2
Bxc2 35. Kf2 Kf7 36. Ke3 Nf6 37. d5 Be4 38. Nxe4 1/2-1/2

[Event "6th Prague Masters 2024"]
[Site "Prague CZE"]
[Date "2024.02.29"]
[Round "3.5"]
[White "Keymer, Vincent"]
[Black "Maghsoodloo, Parham"]
[Result "1/2-1/2"]
[WhiteTitle "GM"]
[BlackTitle "GM"]
[WhiteElo "2738"]
[BlackElo "2715"]
[WhiteFideId "12940690"]
[BlackFideId "12539929"]
[EventDate "2024.02.27"]

1. Nf3 Nf6 2. g3 b5 3. Bg2 Bb7 4. O-O e6 5. b3 c5 6. c4 bxc4 7. bxc4 Nc6 8. Nc3
Rb8 9. Rb1 Ba8 10. Rxb8 Qxb8 11. d4 cxd4 12. Nxd4 Bb4 13. Nxc6 Bxc6 14. Bxc6
dxc6 15. Qa4 O-O 16. Bf4 e5 17. Bxe5 Qxe5 18. Qxb4 h5 19. Rd1 a5 20. Qb2 h4 21.
Qd2 Qh5 22. f3 Re8 23. g4 Qc5+ 24. Qd4 Qg5 25. h3 c5 26. Qf2 Qe5 27. Rd3 Qf4 28.
Qxh4 Qxc4 29. Qf2 Qf4 30. Kg2 c4 31. Rd4 Qc1 32. Ne4 Nxe4 33. fxe4 Qb2 1/2-1/2

[Event "6th Prague Masters 2024"]
[Site "Prague CZE"]
[Date "2024.03.01"]
[Round "4.1"]
[White "Vidit, Santosh Gujrathi"]
[Black "Bartel, Mateusz"]
[Result "1/2-1/2"]
[WhiteTitle "GM"]
[BlackTitle "GM"]
[WhiteElo "2747"]
[BlackElo "2660"]
[WhiteFideId "5029465"]
[BlackFideId "1112635"]
[EventDate "2024.02.27"]

1. e4 e5 2. Nf3 Nc6 3. d4 exd4 4. Nxd4 Qf6 5. Nf3 Bb4+ 6. c3 Bc5 7. Be2 Nge7 8.
O-O h6 9. Qc2 d6 10. b4 Bb6 11. Bb2 Qg6 12. Nbd2 O-O 13. Kh1 a6 14. a3 Qh5 15.
Ng1 Qg6 16. Ngf3 Qh5 17. c4 Bg4 18. Qc3 f6 19. Nb3 Ne5 20. c5 Ba7 21. Rae1 Rad8
22. Nfd4 dxc5 23. bxc5 Bxe2 24. Rxe2 N7c6 25. f3 Qf7 26. f4 Nxd4 27. Nxd4 Nc4
28. f5 Rfe8 29. Ne6 Rxe6 30. fxe6 Qxe6 31. Rc2 Nxb2 32. Rxb2 Qxe4 33. Qb3+ Kh8
34. Qxb7 Qd3 35. Rbf2 Bxc5 36. Rf3 Qd6 37. a4 Bd4 38. Rd3 c5 39. Rg3 Rd7 40.
Qa8+ Rd8 41. Qb7 1/2-1/2

[Event "6th Prague Masters 2024"]
[Site "Prague CZE"]
[Date "2024.03.01"]
[Round "4.2"]
[White "Nguyen, Thai Dai Van"]
[Black "Praggnanandhaa, R"]
[Result "1/2-1/2"]
[WhiteTitle "GM"]
[BlackTitle "GM"]
[WhiteElo "2630"]
[BlackElo "2747"]
[WhiteFideId "358878"]
[BlackFideId "25059530"]
[EventDate "2024.02.27"]

1. d4 Nf6 2. c4 e6 3. Nc3 Bb4 4. Qc2 d6 5. e3 O-O 6. Bd3 d5 7. Nf3 dxc4 8. Bxc4
b6 9. O-O Bb7 10. Bd3 c5 11. Ne4 Nxe4 12. Bxe4 Bxe4 13. Qxe4 Nd7 14. a3 Ba5 15.
Qc2 Rc8 16. dxc5 bxc5 17. Rd1 Qc7 18. b3 h6 19. Bb2 Qb7 20. Rac1 Bd8 21. Ne5
Nxe5 22. Bxe5 Be7 23. Qc3 f6 24. Bd6 Rfd8 25. Bxe7 Rxd1+ 26. Rxd1 Qxe7 27. h3
Rb8 28. Rd3 Rb7 29. Qc4 f5 30. e4 fxe4 31. Qxe4 Rd7 32. Qa8+ Kh7 33. Qe4+ Kg8
34. Re3 Rd1+ 35. Kh2 Qd6+ 36. g3 Qd5 37. Qxe6+ Qxe6 38. Rxe6 Ra1 39. a4 c4 40.
bxc4 Rxa4 1/2-1/2

[Event "6th Prague Masters 2024"]
[Site "Prague CZE"]
[Date "2024.03.01"]
[Round "4.3"]
[White "Navara, David"]
[Black "Maghsoodloo, Parham"]
[Result "1/2-1/2"]
[WhiteTitle "GM"]
[BlackTitle "GM"]
[WhiteElo "2667"]
[BlackElo "2715"]
[WhiteFideId "309095"]
[BlackFideId "12539929"]
[EventDate "2024.02.27"]

1. d4 Nf6 2. c4 e6 3. Nf3 d5 4. Nc3 dxc4 5. e4 b5 6. e5 Nd5 7. Nxb5 Nb6 8. Be2
Nc6 9. O-O Be7 10. Qd2 Bb7 11. Rd1 Rb8 12. Qf4 O-O 13. Nc3 Nb4 14. Qg4 Kh8 15.
Ng5 Qe8 16. Qh5 Bxg5 17. Bxg5 f5 18. exf6 gxf6 19. Qxe8 Rbxe8 20. Bf4 Re7 21.
Bg3 Rd8 22. Rac1 Kg7 23. Nb5 Rdd7 24. Bxc4 Ba6 25. Bf1 Nxa2 26. Rxc7 Bxb5 27.
Rxd7 Bxd7 28. Ra1 Bc6 29. Rxa2 Bd5 30. Ra1 Nc4 31. b4 Rb7 32. Bd3 Nd2 33. f3 Nb3
34. Ra6 Nxd4 35. Bd6 e5 36. Bc5 Nb3 37. Bd6 Nd4 38. Kf2 Nc6 39. b5 Nd4 40. Ra5
Nb3 41. Ra4 Nd4 42. f4 Nxb5 43. fxe5 Nxd6 44. exd6 Kf7 45. Bxh7 Ke6 46. Bg8+
Kxd6 47. Rd4 Rb5 48. h4 Ke5 49. Rxd5+ Rxd5 50. Bxd5 Kxd5 51. Ke3 Ke5 52. Kd3 f5
53. g3 a5 54. Kc4 f4 55. gxf4+ Kxf4 56. Kb5 Kg4 57. Kxa5 Kxh4 1/2-1/2

[Event "6th Prague Masters 2024"]
[Site "Prague CZE"]
[Date "2024.03.01"]
[Round "4.4"]
[White "Rapport, Richard"]
[Black "Keymer, Vincent"]
[Result "1/2-1/2"]
[WhiteTitle "GM"]
[BlackTitle "GM"]
[WhiteElo "2717"]
[BlackElo "2738"]
[WhiteFideId "738590"]
[BlackFideId "12940690"]
[EventDate "2024.02.27"]

1. e4 e5 2. Nf3 Nc6 3. Bb5 a6 4. Bxc6 dxc6 5. O-O Bg4 6. h3 h5 7. d3 Qf6 8. Nbd2
g5 9. hxg4 hxg4 10. Re1 gxf3 11. Qxf3 Qxf3 12. Nxf3 f6 13. Be3 c5 14. Nd2 Bd6
15. a4 Ne7 16. Nb3 b6 17. a5 Nc6 18. c3 Kd7 19. g3 Kc8 20. Kg2 Kb7 21. Rh1 Rad8
22. Kf3 Be7 23. Ke2 Bd6 24. Kf3 Be7 25. Ke2 Bd6 26. g4 Ne7 27. Rh5 Ng6 28. axb6
cxb6 29. Nd2 a5 30. c4 Bc7 31. Rah1 Nh4 32. Rxh8 Rxh8 33. Nb1 Ng6 34. Rh5 Kc6
35. Nc3 Bd8 36. Nd5 Kd7 37. Kd1 Rxh5 38. gxh5 Nh8 39. Bd2 Nf7 40. Ne3 Be7 41.
Kc2 Nh6 42. Kb3 Kc6 43. Nd5 Bd8 44. Ka4 Ng8 45. Kb3 Nh6 46. Kc2 Kd7 47. Kd1 Ke6
48. Ke2 Ng8 49. Kf3 Kf7 50. Ne3 Be7 51. Nd5 Bd8 52. Ne3 Be7 53. Nf5 Bf8 54. b3
Ke6 55. Bc1 Kf7 56. Ba3 Nh6 57. Nxh6+ Bxh6 58. Kg4 Ke6 59. Bc1 Bg7 60. Be3 Bh6
61. Bd2 Bf8 62. Bc1 1/2-1/2

[Event "6th Prague Masters 2024"]
[Site "Prague CZE"]
[Date "2024.03.01"]
[Round "4.5"]
[White "Abdusattorov, Nodirbek"]
[Black "Gukesh, D"]
[Result "1/2-1/2"]
[WhiteTitle "GM"]
[BlackTitle "GM"]
[WhiteElo "2744"]
[BlackElo "2743"]
[WhiteFideId "14204118"]
[BlackFideId "46616543"]
[EventDate "2024.02.27"]

1. d4 Nf6 2. c4 e6 3. Nf3 d5 4. g3 Bb4+ 5. Bd2 Be7 6. Bg2 O-O 7. O-O c6 8. Qc2
Nbd7 9. Rc1 a5 10. a4 Re8 11. Be1 Bf8 12. Nbd2 e5 13. dxe5 Nxe5 14. Nxe5 Rxe5
15. cxd5 cxd5 16. Nf3 Re8 17. Nd4 b6 18. e3 Ba6 19. b4 axb4 20. Qb2 Ne4 21. Bxe4
dxe4 22. Bxb4 Bxb4 23. Qxb4 Rc8 24. Nf5 Qf6 25. Nd4 g6 26. Kg2 Bd3 27. Rc3 Rxc3
28. Qxc3 Ra8 29. h4 h5 30. Rc1 Ba6 31. Qb3 Rc8 32. Rxc8+ Bxc8 33. Qd5 Qe7 34.
Nc6 Qd7 35. Qc4 Qe6 36. Ne7+ Qxe7 37. Qxc8+ Kg7 38. Qc3+ Kg8 39. Kf1 Qe6 1/2-1/2

[Event "6th Prague Masters 2024"]
[Site "Prague CZE"]
[Date "2024.03.02"]
[Round "5.1"]
[White "Keymer, Vincent"]
[Black "Nguyen, Thai Dai Van"]
[Result "1/2-1/2"]
[WhiteTitle "GM"]
[BlackTitle "GM"]
[WhiteElo "2738"]
[BlackElo "2630"]
[WhiteFideId "12940690"]
[BlackFideId "358878"]
[EventDate "2024.02.27"]

1. d4 Nf6 2. c4 e6 3. Nf3 d5 4. Nc3 c5 5. e3 dxc4 6. Bxc4 a6 7. e4 b5 8. Bb3
cxd4 9. Nxd4 Nbd7 10. Be3 Bb7 11. O-O Bb4 12. a4 O-O 13. axb5 axb5 14. Rxa8 Qxa8
15. f3 Qb8 16. Kh1 Bc5 17. Qe2 b4 18. Na4 Bd6 19. Qb5 Bxh2 20. Nxe6 fxe6 21.
Bxe6+ Kh8 22. Bxd7 Nxd7 23. Qxd7 Bxe4 24. Ba7 Bf5 25. Bxb8 Bxd7 26. Bxh2 Bxa4
27. Rc1 b3 28. Rc7 Kg8 29. Rb7 Rf7 30. Rb4 Ra7 31. Bg1 Ra8 32. Bd4 Bc6 33. Rxb3
Rd8 34. Bc3 Rd7 35. Rb6 Bd5 36. Kh2 Rb7 37. Rd6 Bb3 38. g4 Kf7 39. Kg3 Be6 40.
Rd8 Rd7 41. Rh8 h6 42. Be5 Rd5 43. f4 Rd3+ 44. Kh4 Rd5 45. Kg3 Rd3+ 46. Kf2 Bxg4
47. Rh7 Rf3+ 48. Kg2 Rxf4 1/2-1/2

[Event "6th Prague Masters 2024"]
[Site "Prague CZE"]
[Date "2024.03.02"]
[Round "5.2"]
[White "Praggnanandhaa, R"]
[Black "Vidit, Santosh Gujrathi"]
[Result "1-0"]
[WhiteTitle "GM"]
[BlackTitle "GM"]
[WhiteElo "2747"]
[BlackElo "2747"]
[WhiteFideId "25059530"]
[BlackFideId "5029465"]
[EventDate "2024.02.27"]

1. c4 e5 2. Nc3 Nf6 3. Nf3 Nc6 4. g3 d5 5. cxd5 Nxd5 6. Bg2 Bc5 7. d3 O-O 8. Bd2
Nf6 9. a3 h6 10. b4 Bd6 11. O-O a6 12. Bc1 Bf5 13. Bb2 Qd7 14. Na4 Bh3 15. Rc1
Rad8 16. Qc2 Rfe8 17. Rfd1 Bxg2 18. Kxg2 Qe6 19. e4 Rd7 20. Qc4 Qe7 21. Qb3 Red8
22. Re1 Qe8 23. h3 Nh7 24. Nc3 Ng5 25. Nxg5 Nd4 26. Qd1 hxg5 27. Nd5 Ne6 28. Qg4
Bf8 29. h4 c6 30. Nb6 Rxd3 31. hxg5 Be7 32. g6 Bg5 33. gxf7+ Qxf7 34. Rcd1 Bd2
35. Re2 Bc3 36. Rxd3 Rxd3 37. Nc4 Qf6 38. Bxc3 Rxc3 39. Ne3 Rxa3 40. Rd2 Nd4 41.
Nf5 a5 42. Nxd4 exd4 43. e5 Qxe5 44. Rxd4 axb4 45. Re4 Qd5 46. Kh2 Ra2 47. Qc8+
Kh7 48. Rh4+ Kg6 49. Qe8+ Kg5 50. Qe7+ Kf5 51. Rf4+ Kg6 52. Rg4+ 1-0

[Event "6th Prague Masters 2024"]
[Site "Prague CZE"]
[Date "2024.03.02"]
[Round "5.3"]
[White "Bartel, Mateusz"]
[Black "Abdusattorov, Nodirbek"]
[Result "0-1"]
[WhiteTitle "GM"]
[BlackTitle "GM"]
[WhiteElo "2660"]
[BlackElo "2744"]
[WhiteFideId "1112635"]
[BlackFideId "14204118"]
[EventDate "2024.02.27"]

1. e4 c5 2. Nf3 Nc6 3. Nc3 g6 4. d4 cxd4 5. Nxd4 Bg7 6. Be3 Nf6 7. Bc4 O-O 8.
Bb3 d6 9. h3 Bd7 10. O-O Na5 11. Qd3 a6 12. Rfe1 Rc8 13. Rad1 b5 14. Bg5 Re8 15.
Nd5 Nxd5 16. exd5 Nc4 17. Bxc4 bxc4 18. Qe3 Qa5 19. Qe4 Qxa2 20. Qh4 Qxb2 21.
Bxe7 h6 22. Qf4 Ba4 23. Nc6 Bxc6 24. dxc6 Rxc6 25. Bxd6 Rxe1+ 26. Rxe1 Qxc2 27.
g4 Rc8 28. Qf3 Qb3 0-1

[Event "6th Prague Masters 2024"]
[Site "Prague CZE"]
[Date "2024.03.02"]
[Round "5.4"]
[White "Gukesh, D"]
[Black "Navara, David"]
[Result "0-1"]
[WhiteTitle "GM"]
[BlackTitle "GM"]
[WhiteElo "2743"]
[BlackElo "2667"]
[WhiteFideId "46616543"]
[BlackFideId "309095"]
[EventDate "2024.02.27"]

1. c4 Nf6 2. Nc3 e5 3. e3 Nc6 4. Qb3 b6 5. Nf3 Bb7 6. a3 e4 7. Ng5 Qe7 8. Qc2
O-O-O 9. Ngxe4 Nd4 10. Qd3 Bxe4 11. Nxe4 Qxe4 12. Qxe4 Nxe4 13. exd4 Re8 14. Be2
g6 15. d3 Nd6 16. d5 Nf5 17. Kf1 Bg7 18. Rb1 h5 19. Bd2 Re7 20. h4 Rhe8 21. Bd1
c5 22. g4 hxg4 23. Bxg4 Bh6 24. Bc3 Nd4 25. b4 f5 26. Bd1 Ne2 27. Bxe2 Rxe2 28.
bxc5 bxc5 29. Rb5 Bf8 30. Rb2 Rxb2 31. Bxb2 Kc7 32. Rg1 Rb8 33. Bc3 Rb1+ 34. Be1
Bg7 35. Kg2 Kb7 36. Bd2 Rxg1+ 37. Kxg1 Bb2 38. a4 Bf6 39. Be3 Kb6 40. Kg2 Bxh4
41. d4 cxd4 42. Bxd4+ Ka5 43. c5 Be7 44. d6 Bd8 45. c6 dxc6 46. Bxa7 Kxa4 47.
Bb8 Bb6 48. Kf3 g5 49. d7 Kb5 50. Be5 Bd8 51. Ke3 Kc5 52. Kd3 Kd5 53. Bc3 Ke6
54. f3 Kxd7 55. Bd2 Ke6 56. Kc4 Be7 57. Kd4 c5+ 58. Kc4 Ke5 59. Be3 g4 60. fxg4
fxg4 61. Kd3 Kd5 0-1